| 000 | 00790nam a2200265 i 4500 | ||
|---|---|---|---|
| 003 | EG-GICUC | ||
| 005 | 20260426093737.0 | ||
| 008 | 1977 b uk ||||fr|||| 00| 0 eng d | ||
| 040 |
_aEG-GiCUC _beng _cEG-GiCUC _dEG-GiCUC _erda |
||
| 082 | 0 | 4 |
_221 _a343.6 _bT S . D |
| 092 | 0 | 4 | _221 |
| 099 | _aLaw 1 10 343.6 T S . D 1977 | ||
| 100 | 1 |
_aPowis, David _eAuthor. |
|
| 245 |
_aThe signs of crime : _b a field manual for police |
||
| 300 |
_a pages : 236 _billustrations,photographs _c24 cm |
||
| 336 |
_2rda content _atext |
||
| 337 |
_2rda media _aComputer |
||
| 338 |
_2rda carrier _aOnline Resource |
||
| 500 | _aIncludes index. | ||
| 650 | 1 | _2qrmak | |
| 651 | 1 | _2qrmak | |
| 856 | 4 | 0 | _uhttps://fll.law.cu.edu.eg/fulltext/bks/B10-10942.pdf |
| 905 | _a157 | ||
| 942 |
_2ddc _cBK _e21 _n0 |
||
| 999 |
_c73412 _d73412 |
||